Alors la zone - Jul _ paroles - Statistiques

Statistiques générales
  • Ce quiz a été pris 110 fois
  • Le résultat moyen est 224 sur 443
Statistiques - réponses
Hint Réponse % Correct
à
100%
zone
99%
la
98%
98%
La
98%
Alors
97%
alors
97%
ça
96%
Ca
96%
C'est
96%
c'est
96%
dit
96%
le
96%
quoi
96%
sa
95%
samedi
93%
soir
93%
les
89%
jours
89%
les
89%
tous
84%
l'été
79%
Tout
67%
tout
67%
te
66%
pas
54%
de
53%
Et
51%
Je
48%
je
48%
ma
44%
des
42%
Dubaï
42%
palette
42%
veut
42%
dans
41%
Dans
41%
j'suis
41%
J'suis
41%
personne
40%
qui
37%
Y'a
35%
y'a
35%
Couplet 2 | Refrain 2 J'ai
34%
tourne
34%
soulever
32%
l'Escale
31%
l'monde
30%
RS
30%
bat
28%
Marseille
28%
monde
28%
mort
27%
palettes
26%
ville
26%
batards
25%
ou
25%
CRS
24%
patate
24%
un
24%
Couplet 1 Wesh
24%
trouvé
23%
Besoin
22%
besoin
22%
d'la
22%
mes
22%
souhaitent
22%
AMG
21%
l'ovni
21%
pour
21%
faut
20%
Faut
20%
j'l'aime
20%
que
20%
ils
18%
Ils
18%
point
18%
rond
18%
si
18%
fait
17%
j'nique
17%
moi
17%
on
17%
est
16%
gros
16%
son
16%
sur
16%
vie
16%
bail
15%
comme
15%
d'retour
15%
mais
15%
toi
15%
mélodies
14%
mif
14%
Tu
14%
couilles
13%
j'évite
13%
Mahrez
13%
quand
13%
trouver
13%
bien
12%
faire
12%
faute
12%
font
12%
j'mette
12%
loto
12%
m'en
12%
parler
12%
pecs
12%
rêve
12%
casser
11%
écoute
11%
l'aise
11%
leur
11%
malaises
11%
nan
11%
Riyad
11%
signe
11%
sous
11%
biscottos
10%
J'casse
10%
moto
10%
reins
10%
Rolex
10%
sais
10%
temps
10%
chiffres
9%
CRF
9%
d'Jul
9%
gens
9%
j'annonce
9%
j'crois
9%
lever
9%
m'critiquent
9%
mec
9%
piscine
9%
soleil
9%
Toto
9%
toucher
9%
veste
9%
attention
8%
Audemars
8%
bussiness
8%
bzezs
8%
J'monte
8%
m'connais
8%
plans
8%
poussettes
8%
problemes
8%
qu'j'suis
8%
apprend
7%
benz
7%
chargés
7%
c'que
7%
diez
7%
fasses
7%
Hôtesse
7%
l'zoo
7%
p'tits
7%
qu'tu
7%
DubaiÏ
6%
j'tourne
6%
soont
0%
Aucun quiz correspondant
Distribution des résultats
% des personnes avec chaque résultat
Percentile par nombre de réponses
Votre historique - résultats
Vous n’avez pas pris ce quiz